000
00213 a2200109 4500
020
_a
9780881139501
041
_a
spa
100
_a
Max Lucado
245
_a
Stanley la chinche apestosa
942
_c
BK
952
_7
1
999
_c
21524
_d
21524